Quiz Culture G. (20) - Statistiques

Statistiques générales
  • Ce quiz a été pris 107 fois
  • Le résultat moyen est 7 sur 20
Statistiques - réponses
Réponse % Correct
Comment est qualifié le bureau de la Maison Blanche à Washington ? Ovale
73%
Quel roi de la mythologie grecque, père de Thésée, a donné son nom à une mer ? Egée
64%
Quel est le pays d'origine du Kamasutra ? Inde
63%
Avec Pascal Légitimus et Didier Bourdon quel est le 3e membre des Inconnus ? (Prenom et nom) Bernard Campan
44%
Dans quel comédie américaine de 2012, 3 lycéens décident d organiser une fête totalement déjantée et incontrôlable ? Projet X
44%
En euros, quelle est le montant du chèque touché par le lauréat du Prix Goncourt ? 10
39%
Dans Titi et Grosminet quel est le prénom de ce dernier ? Sylvestre
38%
Quel club espagnol a des joueurs surnommés les Colchoneros ? Atletico Madrid
37%
Comment appelle t-on un animal qui voit parfaitement la nuit, comme la chouette ? Nictalope
34%
De quel pays Sanaa est elle la capitale ? Yemen
34%
En quelle année a démarré la prohibition aux Etats Unis ? 1920
33%
Quel est le plus grand département de France métropolitaine ? Gironde
33%
Quel acteur américain a une femme prénommée Amal avec qui il est marié depuis 2014 ? (Prénom et nom) George Clooney
30%
A quel pays européen, l Ile de Gozo appartient elle ? Malte
25%
Dans la série Un gars Une fille comment s'appelait la meilleure amie d'Alexandra ? Jeannette
17%
Quel est le prénom de la fille de Phil Collins, qui est l'actrice principale de la série Emily in Paris ? Lily
17%
Quel peintre néerlandais prénommé Piet est un pionnier de l'art abstrait ? Mondrian
15%
Quel sportif français a été porte-drapeau à la cérémonie de clôture des JO de Paris 2024 avec Pauline Ferrand Prevot ? (Prenom et nom) Antoine Dupont
12%
Quel animal d'Océanie est le seul à faire des cacas carrés ? Wombat
11%
Quelle chanteuse issue d'un télé-crochets interprète les titres "flash" et "l'effet de masse" ? Maëlle
8%
Aucun quiz correspondant
Distribution des résultats
% des personnes avec chaque résultat
Percentile par nombre de réponses
Votre historique - résultats
Vous n’avez pas pris ce quiz